000 00672nam a2200289Ia 4500
005 20260324150003.0
008 008 260324s9999 xx 000 0 eng d
020 _a9781003636366
037 _aEBOOK
040 _aCRL
040 _beng
040 _cCRL
041 _2eng
041 _aeng
084 _qCRL
100 _aDavid Meakin
_91224877
245 0 _aMan & Work
245 0 _bLiterature and Culture in Industrial Society
260 _bTaylor and Francis
260 _c1976
365 _a
365 _b145
856 _uhttp://www.taylorfrancis.com/books/9781003636366
942 _cEBOOK
999 _c1833579
_d1833579